States of Mexico - Map Quiz - Statistics

General Stats
  • This quiz has been taken 18 times
  • The average score is 13 of 32
Answers on the Map
Answers color-coded by a green-red scale on the quiz's map according to % correct below.
 
Answer Stats
Answer % Correct
Baja California
100%
Baja California Sur
100%
Chiapas
75%
Chihuahua
75%
Mexico City
75%
Oaxaca
75%
Tabasco
75%
Yucatán
75%
Aguascalientes
50%
Jalisco
50%
México
50%
Quintana Roo
50%
Sonora
50%
Veracruz
50%
Campeche
25%
Coahuila
25%
Durango
25%
Guerrero
25%
Michoacán
25%
Morelos
25%
Nayarit
25%
Nuevo León
25%
Puebla
25%
San Luis Potosí
25%
Sinaloa
25%
Tamaulipas
25%
Tlaxcala
25%
Colima
0%
Guanajuato
0%
Hidalgo
0%
Querétaro
0%
Zacatecas
0%
No matching quizzes found
Score Distribution
Percent of People with Each Score
Percentile by Number Answered
Your Score History
You have not taken this quiz